Trang trí phòng ngủ Những phong cách trang trí nhà của thời thượng
vv
Đã lưu trong:
| Tác giả chính: | |
|---|---|
| Định dạng: | Sách |
| Năm xuất bản: |
H.
Mỹ thuật
2003
|
| Chủ đề: | |
| Tags: |
Thêm thẻ
Không có thẻ, Hãy là người đầu tiên gắn thẻ bản ghi này!
|
| LEADER | 00647nam a2200157 4500 | ||
|---|---|---|---|
| 082 | |a 747 |b H300R | ||
| 100 | |a HIRSCHMAN, J. E | ||
| 245 | |a Trang trí phòng ngủ |c Hirschman, J.E, Lý Tiểu Yến dịch giả, Kim Dân , biên dịch |b Những phong cách trang trí nhà của thời thượng | ||
| 260 | |a H. |b Mỹ thuật |c 2003 | ||
| 300 | |a 71tr. |c 27cm | ||
| 520 | |a vv | ||
| 653 | |a Nghệ thuật | ||
| 653 | |a Trang trí nội thất | ||
| 942 | |2 ddc |c SH | ||
| 999 | |c 1871 |d 1871 | ||
| 952 | |0 0 |1 0 |2 ddc |4 0 |6 747_000000000000000_H300R |7 0 |8 700 |9 28803 |a qbu |b qbu |c D5 |d 2014-12-10 |g 35000 |o 747 H300R |p 4716.C1 |r 0000-00-00 |w 2014-12-10 |y SH |0 0 |6 747_000000000000000_H300R | ||